Bridges / (Record no. 4174)

MARC details
000 -LEADER
fixed length control field 01065cam a22003614a 4500
001 - CONTROL NUMBER
control field 4174
003 - CONTROL NUMBER IDENTIFIER
control field FISKH
005 - DATE AND TIME OF LATEST TRANSACTION
control field 20240625135100.0
008 - FIXED-LENGTH DATA ELEMENTS--GENERAL INFORMATION
fixed length control field 041018s2005 caua j 000 0 eng
010 ## - LIBRARY OF CONGRESS CONTROL NUMBER
LC control number 2004024579
015 ## - NATIONAL BIBLIOGRAPHY NUMBER
National bibliography number GBA555127
Source bnb
016 7# - NATIONAL BIBLIOGRAPHIC AGENCY CONTROL NUMBER
Record control number 013240699
Source Uk
020 ## - INTERNATIONAL STANDARD BOOK NUMBER
International Standard Book Number 158717264X
020 ## - INTERNATIONAL STANDARD BOOK NUMBER
International Standard Book Number 9781587172649
020 ## - INTERNATIONAL STANDARD BOOK NUMBER
International Standard Book Number 1587172631 (hbk.)
035 ## - SYSTEM CONTROL NUMBER
System control number (OCoLC)ocm56825426
040 ## - CATALOGING SOURCE
Original cataloging agency DLC
Transcribing agency DLC
Modifying agency IG#
-- BAKER
-- UKM
-- DLC
Language of cataloging eng
042 ## - AUTHENTICATION CODE
Authentication code pcc
-- lcac
-- lcac
050 ## - LIBRARY OF CONGRESS CALL NUMBER
Classification number TG148.S48
082 ## - DEWEY DECIMAL CLASSIFICATION NUMBER
Classification number 624.2
100 1# - MAIN ENTRY--PERSONAL NAME
Personal name Simon, Seymour.
245 10 - TITLE STATEMENT
Title Bridges /
Statement of responsibility, etc. Seymour Simon.
260 ## - PUBLICATION, DISTRIBUTION, ETC.
Place of publication, distribution, etc. San Francisco :
Name of publisher, distributor, etc. SeaStar Books,
Date of publication, distribution, etc. 2005.
300 ## - PHYSICAL DESCRIPTION
Extent 36 unnumbered pages :
Other physical details color illustrations ;
Dimensions 23 cm
490 1# - SERIES STATEMENT
Series statement Seemore readers
520 ## - SUMMARY, ETC.
Summary, etc. See famous bridges and learn how they are built.
650 #0 - SUBJECT ADDED ENTRY--TOPICAL TERM
Topical term or geographic name entry element Bridges
Form subdivision Juvenile literature.
650 #0 - SUBJECT ADDED ENTRY--TOPICAL TERM
Topical term or geographic name entry element Bridges
General subdivision Design and construction
Form subdivision Juvenile literature.
650 #1 - SUBJECT ADDED ENTRY--TOPICAL TERM
Topical term or geographic name entry element Bridges.
906 ## - LOCAL DATA ELEMENT F, LDF (RLIN)
a 7
b cbc
c orignew
d 1
e ecip
f 20
g y-gencatlg
942 ## - ADDED ENTRY ELEMENTS (KOHA)
Source of classification or shelving scheme Dewey Decimal Classification
Koha item type Books
Suppress in OPAC No
Holdings
Withdrawn status Lost status Source of classification or shelving scheme Damaged status Not for loan Collection Home library Current library Shelving location Date acquired Total Checkouts Full call number Barcode Date last seen Price effective from Koha item type
    Dewey Decimal Classification     Non-Fiction Footprints International School Library Network Toul Kork Campus Footprints International School Library Network Toul Kork Campus A TK Campus, 4th Floor, Room B401, Non-Fiction Bookcases(7-8) 06/25/2024   SIM 624.2 TG148.S48 FISTK01234 06/25/2024 06/25/2024 Books